<?xml version="1.0" encoding="UTF-8"?>
<record
    xmlns:xsi="http://www.w3.org/2001/XMLSchema-instance"
    xsi:schemaLocation="http://www.loc.gov/MARC21/slim http://www.loc.gov/standards/marcxml/schema/MARC21slim.xsd"
    xmlns="http://www.loc.gov/MARC21/slim">

  <leader>01383cam a22001458i 4500</leader>
  <datafield tag="040" ind1=" " ind2=" ">
    <subfield code="c">DLC</subfield>
  </datafield>
  <datafield tag="082" ind1="0" ind2="0">
    <subfield code="a">584 KNA 2001 C074 Or.</subfield>
  </datafield>
  <datafield tag="100" ind1="1" ind2=" ">
    <subfield code="a">Knapp, Sandra,</subfield>
  </datafield>
  <datafield tag="245" ind1="1" ind2="0">
    <subfield code="a">Economic Botany :</subfield>
    <subfield code="b">Sunflowers A New Theory on their Region of Origin/</subfield>
  </datafield>
  <datafield tag="300" ind1=" " ind2=" ">
    <subfield code="a">pages cm</subfield>
  </datafield>
  <datafield tag="500" ind1=" " ind2=" ">
    <subfield code="a">"First published in 2021 by the Natural History Museum, ... London."--Title page verso</subfield>
  </datafield>
  <datafield tag="520" ind1=" " ind2=" ">
    <subfield code="a">"Extraordinary Orchids reveals some of the bizarre life-styles and interactions that botanists have uncovered among different categories of orchids: the epiphytic orchids, the ground-dwelling ones, the insect-mimicking ones and those whose lifestyles are so closely bound to their interactions with insects and birds. Many orchid common names refer to the shape-shifting forms of the orchid flower - the 'man-orchids' or 'monkeyorchids' are so called because of their resemblance to the primate form. Orchids lend themselves to depiction, and botanical artworks of them abound. Who could resist painting or drawing such odd shapes? Celebrated botanist Sandra Knapp examines each category of orchid in turn and all are illustrated with stunning artwork from artists such as Ferdinand and Franz Bauer, Arthur Harry Church, Sydney Parkinson, Henry Fletcher Hance, John Russell Reeves, and images taken from James Bateman's The Orchidaceae of Mexico and Guatemala"--</subfield>
  </datafield>
  <datafield tag="650" ind1=" " ind2="0">
    <subfield code="a">Orchids</subfield>
  </datafield>
  <datafield tag="942" ind1=" " ind2=" ">
    <subfield code="c">AEDBB</subfield>
  </datafield>
  <datafield tag="999" ind1=" " ind2=" ">
    <subfield code="c">22566</subfield>
    <subfield code="d">22566</subfield>
  </datafield>
  <datafield tag="952" ind1=" " ind2=" ">
    <subfield code="0">0</subfield>
    <subfield code="1">0</subfield>
    <subfield code="4">0</subfield>
    <subfield code="6">584_000000000000000_KNA_2001_C074_OR</subfield>
    <subfield code="7">0</subfield>
    <subfield code="9">97030</subfield>
    <subfield code="a">LBC</subfield>
    <subfield code="b">LBC</subfield>
    <subfield code="c">C074</subfield>
    <subfield code="d">2024-01-15</subfield>
    <subfield code="o">584 KNA 2001 C074 Or.</subfield>
    <subfield code="p">a36901</subfield>
    <subfield code="r">2024-01-15</subfield>
    <subfield code="w">2024-01-15</subfield>
    <subfield code="y">AEDBB</subfield>
  </datafield>
</record>
